Statystyki dla Tabela Bundesligi w sezonie 2021/22

Kliknij tutaj aby rozwiązać quiz!

Ogólne statystyki

  • Ten quiz został rozwiązany 22 razy
  • Średni wynik to 4 z 18

Statystyki odpowiedzi

Poz.DrużynaPkt.% Poprawnych
1Bayern Monachium77
100%
2Borussia Dortmund69
89%
3Bayer Leverkusen64
39%
4RB Lipsk58
28%
5Union Berlin57
17%
14Augsburg38
11%
13Bochum42
11%
11Eintracht Frankfurt42
11%
6Freiburg55
11%
12Wolfsburg42
11%
17Arminia Bielefeld28
6%
18Greuther Fürth18
6%
16Hertha Berlin33
6%
7Köln52
6%
8Mainz 0546
6%
15Stuttgart33
6%
10Borussia Moenchenglabdach45
0%
9Hoffenheim46
0%

Rozkład punktacji

Percentyl według liczby udzielonych odpowiedzi

Procent ludzi z każdym wynikiem

Twoja historia wyników

Nie rozwiązałeś tego quizu